Sergio Chiappa, diseñador /
Muestra del trabajo que desarrolló el arquitecto y diseñador milanés Sergio Chiappa, iniciador de la carrera de Diseño Industrial en la Universidad Iberoamericana, plantel Santa Fe, y fundador de la licenciatura homónima en la Universidad Autónoma Metropolitana de la ciudad de México. Precedida por...
Wedi'i Gadw mewn:
| Prif Awdur: | |
|---|---|
| Awduron Eraill: | |
| Fformat: | Llyfr |
| Iaith: | Sbaeneg |
| Cyhoeddwyd: |
México :
Universidad Autónoma Metropolitana Xochimilco,
1994, c1994
|
| Pynciau: | |
| Tagiau: |
Dim Tagiau, Byddwch y cyntaf i dagio'r cofnod hwn!
|
MARC
| LEADER | 00000nam^a2200000^a^4500 | ||
|---|---|---|---|
| 001 | 000112964 | ||
| 005 | 20250521000000.0 | ||
| 009 | 20260310093927.011 | ||
| 020 | |a 970-620-228-5 | ||
| 037 | |a Acervo ITESO - Biblioteca | ||
| 041 | |a ESP | ||
| 082 | |a 720. 972 |b SOT | ||
| 100 | |a Sotelo Arén, Sergio |e (comp.) | ||
| 245 | 1 | 0 | |a Sergio Chiappa, diseñador / |c Comp. de S. Sotelo Arén ; texto de Jacques Vermonden, Luis Porter ; fotografía de L. Grobet... [et al.]. |
| 264 | 4 | |a México : |b Universidad Autónoma Metropolitana Xochimilco, |c 1994, c1994 | |
| 300 | |a 95 p. | ||
| 336 | |a texto |b txt |2 rdacontenido | ||
| 337 | |a sin mediación |b n |2 rdamedio | ||
| 338 | |a volumen |b nc |2 rdasoporte | ||
| 520 | |a Muestra del trabajo que desarrolló el arquitecto y diseñador milanés Sergio Chiappa, iniciador de la carrera de Diseño Industrial en la Universidad Iberoamericana, plantel Santa Fe, y fundador de la licenciatura homónima en la Universidad Autónoma Metropolitana de la ciudad de México. Precedida por textos breves, la selección está conformada principalmente por la obra arquitectónica que Chiappa creó en México. | ||
| 649 | |a XX | ||
| 650 | |a Arquitectos Italianos | ||
| 650 | |a Diseñadores Italianos | ||
| 650 | |a Artistas Italianos | ||
| 650 | |a Arquitectura Mexicana - |y Siglo XX | ||
| 650 | |a Arquitectura Italiana - |y Siglo XX | ||
| 650 | |a Decoración y Ornamentación | ||
| 650 | |a Diseño Industrial | ||
| 650 | |a Arte Mexicano - |y Siglo XX | ||
| 650 | |a Arte Italiano - |y Siglo XX | ||
| 700 | |a Grobet, Lourdes |e (fotógrafo) | ||
| 910 | |a Fondo General | ||
| 920 | |a Impresos - Libros | ||
| 930 | |a Colección General | ||
| 905 | |a 101 | ||
| 901 | |a 0500048899 |b IT1 |c ACC |u 20250521 | ||
| 902 | |a https://opac.biblio.iteso.mx/vufind/Record/000112964 | ||